000 00787pam a2200241 a 4500
008
020 _a0521331366(hbk)
049 _aMAIN
090 _aQD151.2
_bSMI
100 1 _aSmith, Derek W.
245 1 0 _aInorganic substances :
_ba prelude to the study of descriptive inorganic chemistry /
_cDerek W. Smith.
260 _aCambridge [England] ;
_aNew York :
_bCambridge University Press,
_c1990.
300 _axi, 396 p. :
_bill. ;
_c24 cm.
504 _aIncludes bibliographies and index.
650 0 _aChemistry, Inorganic.
650 7 _aChimie inorganique.
_2ram
653 _aInorganic chemistry
907 _a.b10048844
_b16-03-12
_c17-04-03
003
005 20230123134129.0
040 _cNUST
942 _cBOOKS
_kQD151.2
_mSMI
999 _c160568
_d160568